000 00563nam a2200229Ia 4500
003 OSt
005 20221005124059.0
006 a|||||r|||| 00| 0
007 ta
008 221004b |||||||| |||| 00| 0 mal d
024 _a59150
037 _cTextual
040 _aCRL
_cCRL
_bmal
041 _2mal
_amal
082 _aQ23:225, 32F7
100 _aMenon Narayana
_9518819
245 0 _aMatasya maha purnam
260 _c1927
650 _aRELIGION
942 _hQ23:225, 32F7
_cTEXL
_2cc
999 _c1049398
_d1049398